Представление документа в формате MARC21

Поле Инд. ПП Название Значение
Тип записи a
Библиографический уровень m
001 Контрольный номер f8298548-b9c1-4785-b660-23bc80d1c202
005 Дата корректировки 20140703172228.2
008 Кодируемые данные 081224
020 c Цена, тираж 120.00
040 a Служба первич. каталог. НБ ТвГУ
041 a Код языка текста rus
080 a Индекс УДК 37.015.3
084 a Индекс другой классификации/Индекс ББК Ю940
090 x Авторский знак П86
a Полочн. индекс Ю940
245 10 a Заглавие Психолого-педагогическое сопровождение развития мобильности студентов
b Продолж. заглавия учебно-методическое пособие-юнита : (специальность 050706 - Педагогика и психология)
c Ответственность [авт.-сост. В. И. Дендерина]
260 0_ a Место издания Ставрополь
b Издательство Ставроп. гос. ун-т
c Дата издания 2008
300 a Объем 137 с.
b Иллюстрации/ тип воспроизводства табл.
504 a Библиография Библиогр. в конце тем.
583 a Действие Получение впервые 332 24.12.2008
k Исполнитель действия Обмен
650 a Основная рубрика Педагогическая психология взрослых
650 a Основная рубрика Студенты
x Основная подрубрика Психология
x Основная подрубрика Психологическая мобильность
653 a Ключевые слова Педагогическая психология
a Ключевые слова Психологическая мобильность
a Ключевые слова Педагогическая психология
a Ключевые слова Студенты
a Ключевые слова Психология учителя
a Ключевые слова Учитель
700 1_ a Другие авторы Дендерина Вера ивановна
e Роль лиц авт.-сост.
852 t Порядковый номер экземпляра 1
p Инвентарный номер 925097
863 t 00188849
888 a Бесплатные
952 p 332.2008 120.00 1 925097
c Вид литературы К ру
954 a Дата поступления на обработку 20090116
999 a Подразделение 2 ч.з.